000 01552cam a2200289 i 4500
003 SA-RiAUC
005 20251228071539.0
008 251126q19001999su g f000r0 ara c
020 _a4240644
040 _aSA-RiKSU
_bara
_cSA-RiAUC
_erda
043 _aa-su---
082 0 4 _a408.209531
_qSA-RiAUC
090 _a408.209531 س ع و
_bس ع و
110 1 _aالسعودية.
_bالرئاسة العامة لشئون المسجد الحرام والمسجد النبوي.
_bإدارة الترجمة
_eمؤلف.
245 1 0 _aمشروع خادم الحرمين الشريفين للترجمة الفورية لخطب الحرمين الشريفين /
_cإدارة الترجمة، الرئاسة العامة لشئون المسجد الحرام والمسجد النبوي.
264 1 _a[مكة المكرمة] :
_bالرئاسة العامة لشئون المسجد الحرام والمسجد النبوي،
_c[بين 1900 و1999]
300 _a317 صفحة :
_bإيضاحيات ؛
_c28 × 22 سم
336 _aنص
_btxt
_2rdacontent
_3كتاب
337 _aبدون وسيط
_bn
_2rdamedia
338 _aمجلد
_bnc
_2rdacarrier
650 7 _aالترجمة
_zالسعودية
_xمطبوعات حكومية
_2aucsh
650 7 _aالخطب الدينية الإسلامية
_xترجمة
_xمطبوعات حكومية
_zالسعودية
_2aucsh
650 7 _aالمطبوعات الحكومية
_2aucsh
651 7 _aالسعودية
_xمطبوعات حكومية
_2aucsh
942 _2ddc
_cBOOK
_n0
949 _aSA-JeALM
_d251126
_umohamedma123
_n1
999 _c13733
_d13733